Federico Herrero : (Record no. 973)

MARC details
000 -LEADER
campo de control de longitud fija 01151nam a22003017a 4500
008 - DATOS DE LONGITUD FIJA--INFORMACIÓN GENERAL
campo de control de longitud fija 160704s2006 it||||| |||| 00| 0 eng d
082 04 - NÚMERO DE LA CLASIFICACIÓN DECIMAL DEWEY
Número de clasificación 759.972.86
Número de ítem H565w
100 ## - ENTRADA PRINCIPAL--NOMBRE DE PERSONA
Nombre de persona Herrero, Federico.
9 (RLIN) 3626
245 10 - MENCIÓN DEL TÍTULO
Título Federico Herrero :
Resto del título Walls/Muri /
Mención de responsabilidad, etc. Federico Herrero y Nic Hess ; curadores Marco Ferraris, Stefano Coletto y Marinella Venanzi.
250 ## - MENCION DE EDICION
Mención de edición 1a ed.
260 ## - PUBLICACIÓN, DISTRIBUCIÓN, ETC.
Lugar de publicación, distribución, etc. Italia:
Nombre del editor, distribuidor, etc. Fondazione Bevilacqua /
Fecha de publicación, distribución, etc. 2006.
300 ## - DESCRIPCIÓN FÍSICA
Extensión [200] p.
Otras características físicas il. col.
500 ## - NOTA GENERAL
Nota general Textos por Angela Vettese, Marinella Venanzi, Carmen Julìa y Stephanie Rosenthal.
500 ## - NOTA GENERAL
Nota general Exhibición en Gallleria Bevilacqua La Masa, del 7 de abril al 5 de junio del 2006.
653 10 - TÉRMINO DE INDIZACIÓN--NO CONTROLADO
Término no controlado Arte contemporáneo
653 10 - TÉRMINO DE INDIZACIÓN--NO CONTROLADO
Término no controlado Arte - Exhibiciones
653 10 - TÉRMINO DE INDIZACIÓN--NO CONTROLADO
Término no controlado Pintura
653 10 - TÉRMINO DE INDIZACIÓN--NO CONTROLADO
Término no controlado Arte urbano
653 10 - TÉRMINO DE INDIZACIÓN--NO CONTROLADO
Término no controlado Artistas costarricenses
653 10 - TÉRMINO DE INDIZACIÓN--NO CONTROLADO
Término no controlado Arte costarricense
700 1# - ENTRADA AGREGADA--NOMBRE PERSONAL
Nombre de persona Hess, Nic.
Término indicativo de función/relación coautor.
9 (RLIN) 5283
700 1# - ENTRADA AGREGADA--NOMBRE PERSONAL
Nombre de persona Ferraris,marco.
Término indicativo de función/relación curador.
9 (RLIN) 5284
700 1# - ENTRADA AGREGADA--NOMBRE PERSONAL
Nombre de persona Coletto, Stefano.
Término indicativo de función/relación curador.
9 (RLIN) 5285
700 1# - ENTRADA AGREGADA--NOMBRE PERSONAL
Nombre de persona Venanzi, Marinella.
Término indicativo de función/relación curadora.
9 (RLIN) 5286
700 1# - ENTRADA AGREGADA--NOMBRE PERSONAL
Nombre de persona Vettese, Angela.
9 (RLIN) 5287
700 1# - ENTRADA AGREGADA--NOMBRE PERSONAL
Nombre de persona Julia, Carmen.
9 (RLIN) 5288
700 1# - ENTRADA AGREGADA--NOMBRE PERSONAL
Nombre de persona Rosenthal, Stephanie.
9 (RLIN) 5289
Holdings
Estatus retirado Estado de pérdida Fuente del sistema de clasificación o colocación Estado de daño No para préstamo Biblioteca de origen Biblioteca actual Ubicación en estantería Fecha de adquisición Total de préstamos Signatura topográfica completa Código de barras Visto por última vez Precio de reemplazo Tipo de ítem Koha
    Clasificación Decimal Dewey     Biblioteca LadoV Biblioteca LadoV   04/07/2016   759.972.86 H565w 000829 04/07/2016 04/07/2016 Material 01